| 000 | 00463cam a2200181ua 4500 | ||
|---|---|---|---|
| 020 | _c4.25 | ||
| 041 |
_amal _h |
||
| 082 |
_a894.812 308 _bRAM/YA |
||
| 100 | _aRamakrishnan, Malayattoor. | ||
| 245 |
_aYakshi / _cMalayattur Ramkrishnan. _hTextual Documents |
||
| 250 |
_a1 / _b. |
||
| 260 |
_aKottayam : _bSahitya Pravarthaka Co-operative Society , _c1970. |
||
| 300 | _a244 ; . | ||
| 365 | _a4.25 | ||
| 504 | _a | ||
| 942 | _cBK | ||
| 999 |
_c6616 _d6616 |
||